| 000 | 00691nam a2200145Ia 4500 | ||
|---|---|---|---|
| 008 | 171212s9999 xx 000 0 und d | ||
| 020 | _a9781785330223 | ||
| 100 | _aHasselberg, Ines | ||
| 245 |
_cHasselberg, Ines _aEnduring Uncertainty _bDeportation, Punishment and Everyday Life |
||
| 260 |
_bBerghahn Books _c2016 |
||
| 440 | _aDislocations | ||
| 650 | _aAnthropology | ||
| 650 | _aGreat Britain -- Emigration and immigration -- Social aspects; Aliens -- Great Britain -- Social conditions; Aliens -- Legal status, laws, etc. -- Great Britain; Alien criminals -- Government policy -- Great Britain; Deportation -- Government policy -- Gr | ||
| 856 | _uhttp://jstor.org/stable/j.ctt1kk66dj | ||
| 999 |
_c351431 _d351431 |
||